[Event "POL-chT 1st League"]
[Site "Szklarska Poreba"]
[Date "2021.09.12"]
[Round "9.5"]
[White "Brzeski, Maciej"]
[Black "Kaliszuk, Kamil"]
[Result "1/2-1/2"]
[WhiteElo "2358"]
[BlackElo "1717"]
[PlyCount "161"]
[EventDate "2021.09.04"]
[EventType "team-swiss"]
[EventRounds "9"]
[EventCountry "POL"]
[SourceTitle "CBM 204 Extra"]
[Source "ChessBase"]
[SourceDate "2021.11.30"]
[SourceVersion "1"]
[SourceVersionDate "2021.11.30"]
[SourceQuality "1"]
[WhiteTeam "Stara Wies Parnas"]
[BlackTeam "Czestochowa Hetman"]
[WhiteTeamCountry "POL"]
[BlackTeamCountry "POL"]

1. e4 c5 2. Nf3 e6 3. d4 cxd4 4. Nxd4 Nf6 5. Nc3 Nc6 6. g3 Qc7 7. Bg2 a6 8. 0-0 Nxd4 9. Qxd4 Bc5 10. Qd3 d6 11. Bf4 h6 12. Na4 e5 13. Nxc5 dxc5 14. Be3 Ng4 15. Bd2 0-0 16. f4 c4 17. Qe2 exf4 18. gxf4 Qb6+ 19. Kh1 Qxb2 20. h3 c3 21. Bxc3 Qxc3 22. hxg4 Bd7 23. Rae1 Qg3 24. f5 Rac8 25. c4 b5 26. e5 Rxc4 27. e6 Bc6 28. Bxc6 Rxc6 29. exf7+ Kh8 30. Rc1 Rf6 31. Qf3 Qxf3+ 32. Rxf3 R8xf7 33. Rc8+ Rf8 34. Rc7 Rd6 35. Kg2 Rd2+ 36. Rf2 Rfd8 37. Rc2 Rxc2 38. Rxc2 Rd4 39. Kg3 Ra4 40. Kh4 Kg8 41. Kh5 Kf7 42. g5 hxg5 43. Kxg5 Ra3 44. Kf4 a5 45. Ke5 b4 46. Rd2 Re3+ 47. Kf4 Ra3 48. Ke5 Rc3 49. Rd5 Re3+ 50. Kf4 Ra3 51. Rd2 Kf6 52. Rd6+ Ke7 53. Rd2 a4 54. Rd4 b3 55. axb3 axb3 56. Rb4 Kd6 57. Ke3 b2+ 58. Kf2 Ra2 59. Ke3 Kc5 60. Rb7 Kc4 61. Rc7+ Kb3 62. Rb7+ Kc3 63. Rc7+ Kb3 64. Rb7+ Kc2 65. Rc7+ Kd1 66. Rxg7 b1Q 67. Rg1+ Kc2 68. Rxb1 Kxb1 69. Ke4 Kc2 70. f6 Kc3 71. Kd5 Ra6 72. Ke5 Ra7 73. Ke6 Kd4 74. f7 Ra8 75. Ke7 Ra7+ 76. Ke6 Ra8 77. Ke7 Ke5 78. f8Q Ra7+ 79. Ke8 Ra8+ 80. Ke7 Rxf8 81. Kxf8 1/2-1/2

[Event "POL-chT 2nd League"]
[Site "Jastrzebia Gora"]
[Date "2019.09.13"]
[Round "7.2"]
[White "Brzeski, Maciej"]
[Black "Licznerski, Lukasz"]
[Result "1-0"]
[WhiteElo "2339"]
[BlackElo "2356"]
[PlyCount "77"]
[EventDate "2019.09.07"]
[EventType "team-swiss"]
[EventRounds "9"]
[EventCountry "POL"]
[SourceTitle "EXT 2020"]
[Source "ChessBase"]
[SourceDate "2019.10.17"]
[SourceVersion "1"]
[SourceVersionDate "2019.10.17"]
[SourceQuality "1"]
[WhiteTeam "Stara Wies Parnas"]
[BlackTeam "Rodlo Opole"]
[WhiteTeamCountry "POL"]
[BlackTeamCountry "POL"]

1. e4 c6 2. d4 d5 3. Nc3 dxe4 4. Nxe4 Nd7 5. Ng5 Ngf6 6. Bd3 e6 7. N1f3 Bd6 8. Qe2 h6 9. Ne4 Nxe4 10. Qxe4 Qc7 11. 0-0 b6 12. Qg4 Kf8 13. b3 Bb7 14. Bb2 Nf6 15. Qh3 Nd5 16. Ne5 Nf4 17. Qe3 Nxd3 18. Qxd3 Rd8 19. Qg3 h5 20. f4 h4 21. Qh3 c5 22. f5 Bxe5 23. dxe5 exf5 24. Qxf5 Rd2 25. Rf2 Rxf2 26. Qxf2 Rh6 27. Rd1 h3 28. Bc1 Rg6 29. Qh4 Rxg2+ 30. Kf1 Ke8 31. Bg5 Rxg5 32. Qxg5 c4 33. Qxg7 Bg2+ 34. Ke1 cxb3 35. Qh8+ Ke7 36. Qf6+ Ke8 37. Qh8+ Ke7 38. Qf6+ Ke8 39. e6 1-0

[Event "POL-chT 2nd League"]
[Site "Jastrzebia Gora"]
[Date "2019.09.11"]
[Round "5.2"]
[White "Brzeski, Maciej"]
[Black "Tymrakiewicz, Rafal"]
[Result "1-0"]
[WhiteElo "2339"]
[BlackElo "2257"]
[PlyCount "118"]
[EventDate "2019.09.07"]
[EventType "team-swiss"]
[EventRounds "9"]
[EventCountry "POL"]
[SourceTitle "EXT 2020"]
[Source "ChessBase"]
[SourceDate "2019.10.17"]
[SourceVersion "1"]
[SourceVersionDate "2019.10.17"]
[SourceQuality "1"]
[WhiteTeam "Stara Wies Parnas"]
[BlackTeam "Dabrowa Gornicza Zaglebie"]
[WhiteTeamCountry "POL"]
[BlackTeamCountry "POL"]

1. e4 c6 2. d4 g6 3. f4 Bg7 4. Nf3 d5 5. e5 Bg4 6. h3 Bxf3 7. Qxf3 e6 8. Be3 Qb6 9. b3 Ne7 10. Bd3 Nd7 11. Nd2 f6 12. 0-0 0-0 13. Qe2 c5 14. Nf3 fxe5 15. dxe5 Bh6 16. g3 Nf5 17. Bf2 Nxg3 18. Bxg3 c4+ 19. Bf2 cxd3 20. Qxd3 Qb4 21. Nd4 Qe7 22. Bg3 Nc5 23. Qf3 Ne4 24. Qg4 Nxg3 25. Qxg3 Kh8 26. Kh1 Rac8 27. Rad1 b5 28. Qg4 Rfe8 29. Rd3 b4 30. h4 Rc3 31. Rxc3 bxc3 32. Rf3 Qf7 33. Kg2 a6 34. Ne2 Rc8 35. Qh3 Kg7 36. Nd4 Re8 37. Qg4 Kh8 38. Ne2 Rc8 39. Qh3 Bf8 40. Rxc3 Rxc3 41. Qxc3 Qf5 42. Qc8 Qg4+ 43. Ng3 Kg7 44. Qd7+ Kg8 45. c4 dxc4 46. bxc4 Bh6 47. Qd8+ Kf7 48. Qf6+ Kg8 49. Qd8+ Kf7 50. Qd7+ Kf8 51. f5 Bf4 52. Qc8+ Kf7 53. Qxe6+ Kf8 54. Qc8+ Kf7 55. Qd7+ Kf8 56. Qd8+ Kg7 57. f6+ Kf7 58. Qe7+ Kg8 59. Qd7 Kh8 1-0

[Event "POL-chT 2nd League"]
[Site "Jastrzebia Gora"]
[Date "2019.09.08"]
[Round "2.4"]
[White "Brzeski, Maciej"]
[Black "Mickiewicz, Piotr"]
[Result "1-0"]
[WhiteElo "2339"]
[BlackElo "2226"]
[PlyCount "75"]
[EventDate "2019.09.07"]
[EventType "team-swiss"]
[EventRounds "9"]
[EventCountry "POL"]
[SourceTitle "EXT 2020"]
[Source "ChessBase"]
[SourceDate "2019.10.17"]
[SourceVersion "1"]
[SourceVersionDate "2019.10.17"]
[SourceQuality "1"]
[WhiteTeam "Stara Wies Parnas"]
[BlackTeam "Zielonka Zieloni"]
[WhiteTeamCountry "POL"]
[BlackTeamCountry "POL"]

1. e4 c5 2. Nf3 d6 3. d4 cxd4 4. Nxd4 Nf6 5. Nc3 Nc6 6. Bg5 e6 7. Qd2 h6 8. Bxf6 gxf6 9. 0-0-0 a6 10. f4 Bd7 11. Kb1 Qb6 12. Nb3 0-0-0 13. Be2 h5 14. Rhf1 Kb8 15. Rf3 Be7 16. Rh3 h4 17. Qe1 Rdg8 18. Bf3 Na5 19. Rxh4 Nc4 20. Rxh8 Rxh8 21. Be2 Qc7 22. Bxc4 Qxc4 23. h3 Qc7 24. Qf2 b5 25. a3 Bc8 26. f5 Qa7 27. Nd4 Bd7 28. Qg3 e5 29. Nd5 Bd8 30. Ne2 Bc6 31. Qg7 Re8 32. Nec3 a5 33. Nxf6 Bxf6 34. Qxf6 b4 35. axb4 axb4 36. Qxd6+ Kb7 37. Nd5 Rc8 38. Qxb4+ 1-0

[Event "POL-chT Academic"]
[Site "Katowice"]
[Date "2018.02.03"]
[Round "5.2"]
[White "Brzeski, Maciej"]
[Black "Lewicki, Miroslaw"]
[Result "0-1"]
[WhiteElo "2339"]
[BlackElo "2403"]
[PlyCount "74"]
[EventDate "2018.02.03"]
[EventType "team-swiss (rapid)"]
[EventRounds "9"]
[EventCountry "POL"]
[SourceTitle "CBM 182 Extra"]
[Source "ChessBase"]
[SourceDate "2018.02.23"]
[SourceVersion "1"]
[SourceVersionDate "2018.02.23"]
[SourceQuality "1"]
[WhiteTeam "Krakow UJ"]
[BlackTeam "Krakow AGH"]
[WhiteTeamCountry "POL"]
[BlackTeamCountry "POL"]

1. e4 c5 2. Nc3 Nc6 3. Bb5 Nd4 4. Bc4 e6 5. Nge2 Nf6 6. 0-0 d5 7. exd5 exd5 8. Nxd5 Nxd5 9. Nxd4 cxd4 10. Qh5 Be6 11. Re1 Be7 12. Rxe6 0-0 13. Re1 Nb4 14. c3 Nc2 15. Qe2 Nxe1 16. Qxe1 Bf6 17. d3 Re8 18. Qd1 dxc3 19. bxc3 Bxc3 20. Bxf7+ Kxf7 21. Qb3+ Re6 22. Qxc3 Rc8 23. Qb3 Qb6 24. Qd1 Rc2 25. Be3 Qc6 26. d4 Qe4 27. Qh5+ Kg8 28. h3 Rg6 29. g4 Rf6 30. Qb5 h6 31. Rb1 Rf7 32. a4 Qf3 33. Qf1 Rc3 34. Re1 h5 35. g5 h4 36. Kh2 Rxe3 37. g6 Qxf2+ 0-1

[Event "POL-chT Academic"]
[Site "Katowice"]
[Date "2018.02.03"]
[Round "6.2"]
[White "Cukrowski, Filip"]
[Black "Brzeski, Maciej"]
[Result "1/2-1/2"]
[WhiteElo "2401"]
[BlackElo "2339"]
[PlyCount "67"]
[EventDate "2018.02.03"]
[EventType "team-swiss (rapid)"]
[EventRounds "9"]
[EventCountry "POL"]
[SourceTitle "CBM 182 Extra"]
[Source "ChessBase"]
[SourceDate "2018.02.23"]
[SourceVersion "1"]
[SourceVersionDate "2018.02.23"]
[SourceQuality "1"]
[WhiteTeam "Wroclaw PWr"]
[BlackTeam "Krakow UJ"]
[WhiteTeamCountry "POL"]
[BlackTeamCountry "POL"]

1. e4 c5 2. Nf3 Nc6 3. d4 cxd4 4. Nxd4 e5 5. Nb5 d6 6. c4 Be7 7. Be2 f5 8. exf5 Bxf5 9. 0-0 Nf6 10. Be3 0-0 11. N5c3 Qd7 12. Nd5 Nxd5 13. Qxd5+ Be6 14. Qd2 d5 15. cxd5 Qxd5 16. Qxd5 Bxd5 17. Nc3 Be6 18. Nb5 Rac8 19. Rfd1 Rfd8 20. Rxd8+ Rxd8 21. Nxa7 Nxa7 22. Bxa7 Rd2 23. Bf3 Rxb2 24. Bb8 Rxa2 25. Rxa2 Bxa2 26. Bxb7 Bf6 27. Be4 g6 28. f3 Kf7 29. g4 Ke6 30. Kg2 Bg5 31. Ba7 Bd5 32. Bf2 Bxe4 33. fxe4 Bf4 34. h3 1/2-1/2

[Event "POL-chT"]
[Site "Poland"]
[Date "2015.05.09"]
[Round "2.2"]
[White "Brzeski, Maciej"]
[Black "Piorun, Kacper"]
[Result "0-1"]
[WhiteElo "2353"]
[BlackElo "2586"]
[PlyCount "80"]
[EventDate "2015.05.08"]
[EventType "team-tourn"]
[EventRounds "9"]
[EventCountry "POL"]
[SourceTitle "CBM 166 Extra"]
[Source "ChessBase"]
[SourceDate "2015.06.18"]
[SourceVersion "1"]
[SourceVersionDate "2015.06.18"]
[SourceQuality "1"]
[WhiteTeam "Krakow Wisla"]
[BlackTeam "Gorzow Wielkopolski Stilon"]
[WhiteTeamCountry "POL"]
[BlackTeamCountry "POL"]

1. e4 e5 2. Nf3 Nc6 3. Bb5 a6 4. Ba4 Nf6 5. 0-0 b5 6. Bb3 Bb7 7. c3 Nxe4 8. d4 exd4 9. Re1 d5 10. Ng5 Qf6 11. Bxd5 Qxf2+ 12. Kh1 0-0-0 13. Nxe4 Qf5 14. Bb3 dxc3 15. Qf3 Qxf3 16. gxf3 Ne5 17. Nbxc3 b4 18. Bf4 Nd3 19. Ne2 Nxe1 20. Rxe1 Bxe4 21. fxe4 f6 22. Bd5 Bd6 23. Be3 c5 24. Nf4 Kb8 25. Ne6 Rc8 26. Rc1 c4 27. Bxc4 Rhe8 28. Bd5 Rxc1+ 29. Bxc1 Rc8 30. Bf4 Bxf4 31. Nxf4 Rc2 32. Nh5 Rxb2 33. Nxg7 a5 34. Ne8 a4 35. Nxf6 a3 36. Nd7+ Kc7 37. Nc5 Kb6 38. Nd7+ Kb5 39. e5 b3 40. Bxb3 Rxb3 0-1

[Event "POL-ch U26"]
[Site "Zabrze"]
[Date "2015.01.11"]
[Round "8"]
[White "Kumala, Aleksander"]
[Black "Brzeski, Maciej"]
[Result "0-1"]
[WhiteElo "1958"]
[BlackElo "2332"]
[PlyCount "130"]
[EventDate "2015.01.10"]
[EventType "swiss"]
[EventRounds "9"]
[EventCountry "POL"]
[SourceTitle "EXT 2016"]
[Source "ChessBase"]
[SourceDate "2015.10.08"]
[SourceVersion "1"]
[SourceVersionDate "2015.10.08"]
[SourceQuality "1"]

1. e4 c5 2. b3 Nc6 3. Bb2 e5 4. f4 exf4 5. Nf3 Nge7 6. Bc4 Ng6 7. 0-0 d6 8. d4 cxd4 9. Nxd4 Bd7 10. Nf5 Qb6+ 11. Kh1 Nge5 12. Na3 0-0-0 13. Rxf4 g6 14. Nd4 Bh6 15. Rf1 Rhe8 16. Bd5 Bg4 17. Nf3 Bf4 18. Qe1 Bxf3 19. gxf3 Kb8 20. Rd1 f6 21. Qh4 g5 22. Qe1 h5 23. Nc4 Nxc4 24. Bxc4 Be5 25. Bc1 Bd4 26. c3 Be5 27. Be3 Qc7 28. Bd5 Ne7 29. c4 Ng6 30. Qf2 b6 31. a4 Bc3 32. Rb1 Bb4 33. Ra1 Bc5 34. a5 bxa5 35. Bxc5 Qxc5 36. Qxc5 dxc5 37. Rxa5 Nf4 38. Rb5+ Kc7 39. Rxc5+ Kd6 40. Ra5 Re7 41. Rd1 Rb8 42. c5+ Ke5 43. c6 Nxd5 44. Rdxd5+ Kf4 45. Rf5+ Ke3 46. Rxf6 Rxb3 47. Rxg5 h4 48. h3 a5 49. Rh6 a4 50. Rxh4 a3 51. Ra5 Kxf3 52. Rg4 Rh7 53. Rf5+ Ke2 54. Rg2+ Kd3 55. Kh2 Kxe4 56. Ra5 Rhxh3+ 57. Kg1 Rb1+ 58. Kf2 Rb2+ 59. Kg1 Rb1+ 60. Kf2 Rf3+ 61. Ke2 Rb2+ 62. Ke1 Rxg2 63. Ra4+ Kd5 64. c7 Rc3 65. Rxa3 Rc1# 0-1

[Event "POL-ch U26"]
[Site "Zabrze"]
[Date "2015.01.10"]
[Round "5"]
[White "Brzeski, Maciej"]
[Black "Dzierzak, Radoslaw"]
[Result "0-1"]
[WhiteElo "2332"]
[BlackElo "2109"]
[PlyCount "86"]
[EventDate "2015.01.10"]
[EventType "swiss"]
[EventRounds "9"]
[EventCountry "POL"]
[SourceTitle "EXT 2016"]
[Source "ChessBase"]
[SourceDate "2015.10.08"]
[SourceVersion "1"]
[SourceVersionDate "2015.10.08"]
[SourceQuality "1"]

1. e4 c5 2. Nf3 e6 3. d4 cxd4 4. Nxd4 Nc6 5. Nc3 Qc7 6. Be3 a6 7. Qd2 Nf6 8. f3 Bb4 9. 0-0-0 Ne5 10. Nb3 b5 11. Qd4 Nc6 12. Qb6 Qxb6 13. Bxb6 d6 14. a3 Bxc3 15. bxc3 Ke7 16. c4 bxc4 17. Bxc4 Bd7 18. Rd2 Ne5 19. Be2 Bb5 20. f4 Nc4 21. Bxc4 Bxc4 22. Re1 Bxb3 23. cxb3 Rab8 24. Bc7 Rbc8 25. Rc2 Kd7 26. Bxd6 Rxc2+ 27. Kxc2 Kxd6 28. e5+ Kd5 29. exf6 gxf6 30. Kd3 Rc8 31. Re4 e5 32. Ra4 Rc6 33. g4 Rb6 34. b4 Rc6 35. Ra5+ Kd6 36. fxe5+ fxe5 37. Ke4 Rc4+ 38. Kf5 Rf4+ 39. Kg5 f6+ 40. Kh5 e4 41. Rxa6+ Ke5 42. b5 Rf2 43. Ra8 Rxh2# 0-1

[Event "POL-ch U26"]
[Site "Zabrze"]
[Date "2015.01.10"]
[Round "4"]
[White "Piorun, Kacper"]
[Black "Brzeski, Maciej"]
[Result "1-0"]
[WhiteElo "2523"]
[BlackElo "2332"]
[PlyCount "77"]
[EventDate "2015.01.10"]
[EventType "swiss"]
[EventRounds "9"]
[EventCountry "POL"]
[SourceTitle "EXT 2016"]
[Source "ChessBase"]
[SourceDate "2015.10.08"]
[SourceVersion "1"]
[SourceVersionDate "2015.10.08"]
[SourceQuality "1"]

1. Nf3 c5 2. g3 Nc6 3. d4 cxd4 4. Nxd4 g6 5. Bg2 Bg7 6. Nb3 Nf6 7. 0-0 0-0 8. c4 d6 9. Nc3 Be6 10. Nd5 Ne5 11. Nd4 Nxc4 12. Nxe6 fxe6 13. Nf4 Qd7 14. Bh3 Kh8 15. Nxe6 d5 16. Kg2 Qc6 17. Nxf8 Rxf8 18. Kg1 e6 19. Rb1 Ne4 20. Bg2 Nc5 21. b3 Nd6 22. Bb2 Bxb2 23. Rxb2 a5 24. Rc2 b6 25. a3 Qb5 26. b4 axb4 27. Qd4+ Kg8 28. axb4 Nf5 29. Qb2 Na4 30. Qe5 Re8 31. g4 Nh6 32. Rc7 Nf7 33. Qf6 Rf8 34. Qxe6 Qxb4 35. Bxd5 Nc5 36. Qf6 Qxg4+ 37. Kh1 Nd7 38. Qe7 Nde5 39. Qxe5 1-0

[Event "Groningen op 52nd"]
[Site "Groningen"]
[Date "2014.12.28"]
[Round "7"]
[White "Biolek, Richard Jr"]
[Black "Brzeski, Maciej"]
[Result "1-0"]
[WhiteElo "2446"]
[BlackElo "2332"]
[PlyCount "29"]
[EventDate "2014.12.21"]
[EventType "swiss"]
[EventRounds "9"]
[EventCountry "NED"]
[SourceTitle "CBM 164 Extra"]
[Source "ChessBase"]
[SourceDate "2015.03.02"]
[SourceVersion "1"]
[SourceVersionDate "2015.03.02"]
[SourceQuality "1"]

1. d4 Nf6 2. c4 c5 3. d5 e6 4. Nc3 exd5 5. cxd5 d6 6. e4 g6 7. f4 Bg7 8. e5 dxe5 9. fxe5 Nfd7 10. e6 fxe6 11. dxe6 Nf6 12. Qxd8+ Kxd8 13. Bf4 Nc6 14. 0-0-0+ Nd4 15. Bc4 1-0

[Event "Krakow 5th"]
[Site "Krakow"]
[Date "2014.08.16"]
[Round "8"]
[White "Topi Hulmi, Teemu"]
[Black "Brzeski, Maciej"]
[Result "0-1"]
[WhiteElo "2235"]
[BlackElo "2338"]
[PlyCount "78"]
[EventDate "2014.08.10"]
[EventType "tourn"]
[EventRounds "9"]
[EventCountry "POL"]
[EventCategory "4"]
[SourceTitle "CBM 162 Extra"]
[Source "ChessBase"]
[SourceDate "2014.10.17"]
[SourceVersion "1"]
[SourceVersionDate "2014.10.17"]
[SourceQuality "1"]

1. e4 e5 2. Nf3 Nc6 3. Bb5 Nf6 4. 0-0 Nxe4 5. d4 Nd6 6. dxe5 Nxb5 7. a4 Nbd4 8. Nxd4 Nxd4 9. Qxd4 d5 10. exd6 Qxd6 11. Re1+ Be6 12. Qe4 Qb4 13. Nc3 Qxe4 14. Nxe4 0-0-0 15. Bg5 Rd7 16. Rad1 h6 17. Bh4 a5 18. f3 b6 19. b3 Bb4 20. Rf1 Rxd1 21. Rxd1 f5 22. Nd2 g5 23. Be1 Rd8 24. Kf1 f4 25. Ke2 Bf5 26. Rc1 Re8+ 27. Kf1 Ba3 28. Ra1 Bb2 29. Rb1 Bxc2 30. Rxb2 Bd3+ 31. Kg1 Rxe1+ 32. Kf2 Re2+ 33. Kg1 c5 34. h4 Kd7 35. Kh2 Ke6 36. Kh3 Kf5 37. g3 fxg3 38. Kxg3 gxh4+ 39. Kxh4 Kf4 0-1

[Event "Krakow 5th"]
[Site "Krakow"]
[Date "2014.08.15"]
[Round "7"]
[White "Brzeski, Maciej"]
[Black "Bures, Jaroslav"]
[Result "1/2-1/2"]
[WhiteElo "2338"]
[BlackElo "2410"]
[PlyCount "128"]
[EventDate "2014.08.10"]
[EventType "tourn"]
[EventRounds "9"]
[EventCountry "POL"]
[EventCategory "4"]
[SourceTitle "CBM 162 Extra"]
[Source "ChessBase"]
[SourceDate "2014.10.17"]
[SourceVersion "1"]
[SourceVersionDate "2014.10.17"]
[SourceQuality "1"]

1. e4 c6 2. d4 d5 3. Nc3 dxe4 4. Nxe4 Bf5 5. Ng3 Bg6 6. h4 h6 7. Nf3 Nd7 8. h5 Bh7 9. Bd3 Bxd3 10. Qxd3 e6 11. Bf4 Qa5+ 12. Bd2 Bb4 13. c3 Be7 14. c4 Qc7 15. 0-0-0 Ngf6 16. Rhe1 0-0 17. Ne5 c5 18. Nxd7 Qxd7 19. d5 Rfe8 20. Bc3 exd5 21. cxd5 Ng4 22. Qf3 Bg5+ 23. Kb1 Nf6 24. Nf5 Rxe1 25. Rxe1 Nxh5 26. g4 Nf6 27. Bxf6 Bxf6 28. Nxh6+ Kf8 29. Nf5 g6 30. Ne3 Bd4 31. Nc4 Re8 32. Re4 b5 33. Rxe8+ Qxe8 34. Ne3 Qe5 35. b3 a6 36. Nc2 Ke7 37. Nxd4 Qxd4 38. Kc2 Qe5 39. a4 f5 40. axb5 axb5 41. d6+ Kxd6 42. Qd3+ Kc6 43. f3 Qh2+ 44. Kb1 Qg1+ 45. Kc2 Qf2+ 46. Kb1 Qe1+ 47. Kc2 Qe6 48. Qd8 fxg4 49. fxg4 c4 50. Qa8+ Kc5 51. Qf8+ Kd4 52. Qf2+ Ke5 53. Qe3+ Kf6 54. g5+ Kf5 55. Qh3+ Ke5 56. Qe3+ Kd5 57. bxc4+ bxc4 58. Qd2+ Kc6 59. Kc3 Qd5 60. Qe3 Kb5 61. Qe8+ Kc5 62. Qc8+ Kb5 63. Qe8+ Kc5 64. Qc8+ Kb5 1/2-1/2

[Event "Krakow 5th"]
[Site "Krakow"]
[Date "2014.08.15"]
[Round "6"]
[White "Malinovsky, Karel"]
[Black "Brzeski, Maciej"]
[Result "1/2-1/2"]
[WhiteElo "2453"]
[BlackElo "2338"]
[PlyCount "115"]
[EventDate "2014.08.10"]
[EventType "tourn"]
[EventRounds "9"]
[EventCountry "POL"]
[EventCategory "4"]
[SourceTitle "CBM 162 Extra"]
[Source "ChessBase"]
[SourceDate "2014.10.17"]
[SourceVersion "1"]
[SourceVersionDate "2014.10.17"]
[SourceQuality "1"]

1. e4 c5 2. Nf3 Nc6 3. Nc3 e5 4. Bc4 g6 5. d3 h6 6. Nd5 Bg7 7. c3 Nge7 8. Be3 d6 9. 0-0 0-0 10. h3 Nxd5 11. Bxd5 Ne7 12. Bb3 b6 13. d4 Bb7 14. dxe5 dxe5 15. Qxd8 Raxd8 16. Nd2 Kh7 17. f3 f5 18. Rfd1 Bf6 19. Bc2 f4 20. Bf2 Ba6 21. Nb3 Nc6 22. Rxd8 Rxd8 23. Rd1 Rxd1+ 24. Bxd1 Kg7 25. Nd2 Kf8 26. Bb3 Ke7 27. Bc4 Bc8 28. Kf1 g5 29. Ke1 h5 30. Bd5 Nd8 31. a4 Nf7 32. b4 cxb4 33. cxb4 Nd6 34. Nb3 Kd8 35. Nc1 g4 36. hxg4 hxg4 37. fxg4 Bxg4 38. Nd3 Bh5 39. g3 fxg3 40. Bxg3 Bg6 41. Nf2 Nf7 42. Ke2 Ke7 43. Kd3 Kd6 44. Ng4 Bg7 45. Bh4 Nh6 46. Ne3 Be8 47. b5 Bh5 48. Bg5 Kd7 49. Bc6+ Ke6 50. Bd5+ Kd7 51. Nc4 Nf7 52. Bh4 Nd6 53. Bc6+ Ke6 54. Ne3 Bf6 55. Bd5+ Ke7 56. Bg3 Bf3 57. Be1 Bg5 58. Nc4 1/2-1/2

[Event "Krakow 5th"]
[Site "Krakow"]
[Date "2014.08.14"]
[Round "5"]
[White "Klekowski, Maciej"]
[Black "Brzeski, Maciej"]
[Result "0-1"]
[WhiteElo "2383"]
[BlackElo "2338"]
[PlyCount "144"]
[EventDate "2014.08.10"]
[EventType "tourn"]
[EventRounds "9"]
[EventCountry "POL"]
[EventCategory "4"]
[SourceTitle "CBM 162 Extra"]
[Source "ChessBase"]
[SourceDate "2014.10.17"]
[SourceVersion "1"]
[SourceVersionDate "2014.10.17"]
[SourceQuality "1"]

1. c4 c5 2. Nc3 Nc6 3. g3 g6 4. Bg2 Bg7 5. d3 e6 6. e4 Nge7 7. Nge2 0-0 8. 0-0 d6 9. Rb1 b6 10. Be3 Nd4 11. b4 Bb7 12. Qd2 Qd7 13. f4 Rfd8 14. Bf2 Rac8 15. Rfe1 f5 16. b5 d5 17. cxd5 exd5 18. exf5 Ndxf5 19. a4 d4 20. Bxb7 Qxb7 21. Ne4 Nd5 22. Qa2 h6 23. g4 Nfe3 24. Bxe3 dxe3 25. Rf1 Qf7 26. Rf3 Bd4 27. Qc4 Nb4 28. Nxd4 Rxd4 29. Qxf7+ Kxf7 30. Rxe3 Nxd3 31. Rf3 Re8 32. Nc3 Nxf4 33. a5 g5 34. axb6 axb6 35. Kf1 Rd2 36. Rd1 Rxh2 37. Rd7+ Re7 38. Rd6 Ra7 39. Nd1 Raa2 40. Rg3 Ke7 41. Rxb6 Rh1+ 42. Rg1 Rxg1+ 43. Kxg1 Ra1 44. Rxh6 Rxd1+ 45. Kf2 Rb1 46. b6 Ne6 47. b7 Kd6 48. Rh7 Rb3 49. Ke2 Nd8 50. Rg7 Rxb7 51. Rxg5 Ne6 52. Rg8 Ke5 53. Ra8 Rb3 54. Kf2 Kf4 55. Re8 Rb2+ 56. Ke1 Ng5 57. Kd1 Rg2 58. Kc1 Ne4 59. Rg8 Rxg4 60. Rf8+ Ke3 61. Kc2 c4 62. Rd8 Rg2+ 63. Kc1 Nc5 64. Kb1 Nd3 65. Rc8 Kd4 66. Ra8 Rb2+ 67. Ka1 Rb5 68. Rd8+ Kc3 69. Rh8 Kb3 70. Ra8 Kc2 71. Ra2+ Rb2 72. Ra4 Nb4 0-1

[Event "Krakow 5th"]
[Site "Krakow"]
[Date "2014.08.10"]
[Round "1"]
[White "Polok, Kacper"]
[Black "Brzeski, Maciej"]
[Result "0-1"]
[WhiteElo "2254"]
[BlackElo "2338"]
[PlyCount "82"]
[EventDate "2014.08.10"]
[EventType "tourn"]
[EventRounds "9"]
[EventCountry "POL"]
[EventCategory "4"]
[SourceTitle "CBM 162 Extra"]
[Source "ChessBase"]
[SourceDate "2014.10.17"]
[SourceVersion "1"]
[SourceVersionDate "2014.10.17"]
[SourceQuality "1"]

1. e4 c5 2. Nf3 Nc6 3. Bb5 g6 4. 0-0 Bg7 5. c3 Nf6 6. d4 Nxe4 7. d5 Nd6 8. Bd3 Na5 9. Re1 0-0 10. Bg5 f6 11. Bf4 e5 12. dxe6 dxe6 13. Bxg6 e5 14. Qd5+ Kh8 15. Bh5 exf4 16. Rd1 Qc7 17. Qxd6 Qxd6 18. Rxd6 Nc4 19. Rd5 Nxb2 20. Nbd2 f5 21. Re1 Bxc3 22. Re7 Bf6 23. Rc7 b6 24. Rd6 Kg8 25. h4 Bd8 26. Rdc6 Bxc7 27. Rxc7 Rd8 28. Bf7+ Kf8 29. Ne5 Nd3 30. Ndf3 Nxe5 31. Nxe5 Rd1+ 32. Kh2 Re1 33. Bd5 Rxe5 34. Bxa8 Be6 35. Rxa7 c4 36. Rb7 b5 37. h5 h6 38. Rc7 b4 39. g3 Ra5 40. Bf3 Rxa2 41. gxf4 b3 0-1

[Event "POL-chT 2nd League"]
[Site "Lazy"]
[Date "2012.09.09"]
[Round "9"]
[White "Brzeski, Maciej"]
[Black "Orzechowski, Jacek"]
[Result "1/2-1/2"]
[WhiteElo "2314"]
[BlackElo "2228"]
[PlyCount "101"]
[EventDate "2012.09.01"]
[EventType "team-swiss"]
[EventRounds "9"]
[EventCountry "POL"]
[SourceTitle "EXT 2019"]
[Source "ChessBase"]
[SourceDate "2018.10.10"]
[SourceVersion "1"]
[SourceVersionDate "2018.10.10"]
[SourceQuality "1"]
[WhiteTeam "Krakow Wisla"]
[BlackTeam "Raciborz Silesia"]
[WhiteTeamCountry "POL"]
[BlackTeamCountry "POL"]

1. e4 e6 2. d4 d5 3. Nd2 c5 4. exd5 Qxd5 5. Ngf3 cxd4 6. Bc4 Qd7 7. 0-0 Nc6 8. Nb3 Nf6 9. Nbxd4 Nxd4 10. Nxd4 a6 11. a4 Bc5 12. Nb3 Bd6 13. h3 Qc7 14. Bd3 b6 15. c4 Bb7 16. Be3 Bh2+ 17. Kh1 Qc6 18. Qf3 Qxf3 19. gxf3 Bc7 20. Kg2 Rd8 21. Rfd1 0-0 22. a5 bxa5 23. Nxa5 Ba8 24. Nb3 Be5 25. Rxa6 Bxb2 26. Nc5 Be5 27. Rd2 Nh5 28. Be4 Bxe4 29. fxe4 Rxd2 30. Bxd2 Rd8 31. Nb7 Rb8 32. Na5 Bf4 33. Nc6 Re8 34. Bxf4 Nxf4+ 35. Kg3 g5 36. h4 Nh5+ 37. Kh3 gxh4 38. Kxh4 Nf6 39. f3 Kg7 40. Ne5 Re7 41. Kg5 Rc7 42. Kf4 Rc5 43. Nd3 Rxc4 44. Ra7 Nd5+ 45. Ke5 Nc7 46. Rb7 Rc3 47. Kd4 Rc2 48. Nb4 Rc1 49. Nd3 Rc6 50. Nb4 Rc1 51. Nd3 1/2-1/2

[Event "POL-chT 2nd League"]
[Site "Lazy"]
[Date "2012.09.07"]
[Round "7"]
[White "Gomulka, Jaroslaw"]
[Black "Brzeski, Maciej"]
[Result "0-1"]
[WhiteElo "2107"]
[BlackElo "2314"]
[PlyCount "48"]
[EventDate "2012.09.01"]
[EventType "team-swiss"]
[EventRounds "9"]
[EventCountry "POL"]
[SourceTitle "EXT 2019"]
[Source "ChessBase"]
[SourceDate "2018.10.10"]
[SourceVersion "1"]
[SourceVersionDate "2018.10.10"]
[SourceQuality "1"]
[WhiteTeam "Wisznia Mala OKSiR"]
[BlackTeam "Krakow Wisla"]
[WhiteTeamCountry "POL"]
[BlackTeamCountry "POL"]

1. c4 g6 2. Nc3 Bg7 3. g3 e5 4. Bg2 f5 5. d3 d6 6. e3 Nf6 7. Nge2 0-0 8. 0-0 c6 9. Rb1 a5 10. a3 Be6 11. b4 axb4 12. axb4 Nbd7 13. Bb2 d5 14. cxd5 Nxd5 15. Nxd5 Bxd5 16. Bxd5+ cxd5 17. Qb3 Nb6 18. Ra1 Qd7 19. Nc3 Kh8 20. Ra5 f4 21. Rxa8 Rxa8 22. Qd1 Rf8 23. Qf3 fxe3 24. Qxe3 d4 0-1